00755nam a22001937a 4500999001900000005001700019010001500036020003000051035001400081037000900095082001100104100001400115245008800129260005700217270011900274300002000393942002500413952012300438 c183594d18359420211229123051.0 aENG-130745 a978-93-88-754-033c499.00 aEN-114277 bDBAD a302.23 aGE, Krupa aRivers Remember:cChennairains and the shocking Truth of a Manmade Flood/bKrupa GE aChennaibWestland Publications Private Limitedc2003 a1st Floor, A Block, East Wing, Plot No. 40, SP Info City, Dr. MGR Salai, Perungudi, KandanchavadibChennaie600096 a218pc22cm(pbk) 2ddccENh302.23mKRU 001040708NFICaBL1bBL1d2021-12-29eDBAD/PUBg499.00l0o302.23 GEKpEN-114277r2021-12-29 00:00:00t1v499.00yEN